000 00937nmm a2200313 a 4500
003 AR-BaBNM
005 20251128211011.0
008 225020s2003 ||||||||||||||000 | spa||
020 _a950-808-371-9
040 _cAR-BaBNM
245 1 0 _aDiscurso, poder y política en Roma
250 _a1ª ed.
260 _aRosario
_bHomo Sapiens Ediciones
_c2003
_bUniversidad Nacional de Rosario. Centro de Estudios Latinos
300 0 _a352 p.
500 0 _aContiene índice en p. 349-352
504 _aContiene bibliografía en p. 329-348
650 4 _aLITERATURA LATINA
650 4 _aHISTORIA ANTIGUA
650 4 _aFILOLOGIA
650 4 _aCRITICA LITERARIA
650 4 _aFILOSOFIA POLITICA
653 _aANALISIS DEL DISCURSO
653 0 _aROMA ANTIGUA
655 _aLITERATURA
700 1 _aCaballero de Del Sastre, Elisabeth
_ecompilador
700 1 _aRabaza, Beatriz
_ecompilador
942 _cBK
998 _cme-solo cat
999 _c17830
_d17830